Cronología iglesia-estado 7 85 - 11 87. Del ayuno por la paz a las comisiones de paz. I parte
En el merco de la guerra interna nicaragüense, en este artículo se intenta resumir y analizar las relaciones entre la iglesia y el estado nicaragüense y, en general, la situación de la iglesia católica en ese país durante el período de julio de 1985 a noviembre de 1987 (veintisiete meses). En esta p...
Na minha lista:
| Formato: | Texto |
|---|---|
| Assuntos: | |
| Tags: |
Adicionar Tag
Sem tags, seja o primeiro a adicionar uma tag!
|
MARC
| LEADER | 00000 a a2200000 04500 | ||
|---|---|---|---|
| 001 | 7006 | ||
| 003 | |||
| 040 | |||
| 245 | |a Cronología iglesia-estado 7 85 - 11 87. Del ayuno por la paz a las comisiones de paz. I parte | ||
| 520 | |a En el merco de la guerra interna nicaragüense, en este artículo se intenta resumir y analizar las relaciones entre la iglesia y el estado nicaragüense y, en general, la situación de la iglesia católica en ese país durante el período de julio de 1985 a noviembre de 1987 (veintisiete meses). En esta primera entrega se analiza el período de mayor tensión en esas relaciones, de agosto de 1985 a julio de 1986, desde el "Ayuno por la Paz" hasta la expulsión de monseñor Vega. SM/eb | ||
| 650 | |a GUERRA | ||
| 650 | |a PAZ | ||
| 650 | |a IGLESIA CATOLICA | ||
| 650 | |a ESTADO | ||
| 650 | |a REVOLUCION | ||
| 650 | |a AGRESION | ||
| 650 | |a ESTADO DE EMERGENCIA | ||
| 650 | |a MILITARISMO | ||
| 773 | |g número 77; páginas 17-39 | ||
| 999 | |c 34469 |d 34469 | ||
